Aktuálne trendy v zneužívaní finančných operácií a ich riziká
Vybrané aktuálne riziká zneužitia finančných operácií, ktoré rezonujú nielen na národnej, ale aj európskej a medzinárodnej úrovni. Legalizácia príjmov z trestnej činnosti a financovania terorizmu. Daňové raje, off-shore centrá. Iné formy zneužitia formy finančných operácií.
Enregistré dans:
| Auteur principal: | |
|---|---|
| Format: | Chapitre de livre |
| Langue: | slovaque |
| Sujets: | |
| Tags: |
Pas de tags, Soyez le premier à ajouter un tag!
|
MARC
| LEADER | 00000naa a2200000 4500 | ||
|---|---|---|---|
| 001 | 0240940 | ||
| 005 | 20250729111742.3 | ||
| 041 | 0 | |a slo | |
| 044 | |a SK | ||
| 245 | 1 | 0 | |a Aktuálne trendy v zneužívaní finančných operácií a ich riziká |c Peter Rakovský |
| 520 | |a Vybrané aktuálne riziká zneužitia finančných operácií, ktoré rezonujú nielen na národnej, ale aj európskej a medzinárodnej úrovni. Legalizácia príjmov z trestnej činnosti a financovania terorizmu. Daňové raje, off-shore centrá. Iné formy zneužitia formy finančných operácií. | ||
| 610 | 2 | 0 | |a riziko finančné |
| 610 | 2 | 0 | |a činnosť trestná |
| 610 | 2 | 0 | |a raje daňové |
| 610 | 2 | 0 | |a offshore |
| 610 | 2 | 0 | |a financovanie |
| 610 | 2 | 0 | |a terorizmus |
| 610 | 2 | 0 | |a trh kapitálový |
| 100 | 1 | |a Rakovský, Peter | |